=LDR 00000nam 2200000 4500 =001 NUTBA000000000003087 =005 20140721095625.0 =006 =007 =008 =020 ##$$a 979-788-022-2 =035 ##$$a 0010-071400000000275 =040 ##$$a NBPDMAT =082 ##$$a 373 =090 ##$$a 373 $b Tim j =100 ##$$a Tim Fortadik =245 ##$$a Jurus jitu masuk SMA idaman / $c Tim Fortadik =260 ##$$a Jakarta : $b Penebar Swadaya, $c 2006 =300 ##$$a vi, 86 hlm. : $b ilus. ; $c 20 cm. =650 ##$$a Pendidikan Menengah =850 ##$$a NBPDMAT =990 ##$$a 21405497